| 000 | 02100nam0a2200385 4500 | ||
|---|---|---|---|
| 001 | RU\NLR\BIBL_A\012545206 | ||
| 005 | 20210924170123.0 | ||
| 010 |
_a978-5-6045767-0-0 _970 |
||
| 021 |
_aRU _bКН-П-21-006224 _9КН-П-21-0486 |
||
| 035 | _a(NLR Aleph) 012545206 | ||
| 035 | _a(RuMoRGB)010568921 | ||
| 090 |
_a12412475 _c12412475 |
||
| 100 | _a20210611d2020 k y0rusy50 ca | ||
| 101 | 0 | _arus | |
| 102 | _aRU | ||
| 105 | _aach|z|||000zy | ||
| 181 | 0 |
_ai _baxxe |
|
| 182 | 0 | _an | |
| 200 | 1 |
_aВалерий Сергеевич Меметов: ученый, педагог, организатор _eсборник статей _fредактор-составитель: доктор исторических наук, доцент В.В. Комиссаров _gредакционная коллегия: доктор исторических наук, профессор Г.А. Будник [и др.] |
|
| 203 |
_aТекст _bвизуальный _cнепосредственный |
||
| 210 |
_aИваново _c[б. и.] _d2020 |
||
| 215 |
_a323, [1] с., [8] л. ил., цв. ил., портр., факс. _d21 |
||
| 320 | _aБиблиогр. в тексте и в подстроч. примеч. | ||
| 320 | _aБиблиогр. работ В.С. Меметова, 1971-2019: с. 255-309 | ||
| 600 | 1 |
_aМеметов _bВ. С. _f1939 - 2019 _gВалерий Сергеевич _jВоспоминания, записки и т.п _92484945 _3RU\NLR\AUTH\6601691256 |
|
| 686 | 1 | _aЧ489.24(2Р)7-8Меметов | |
| 686 | 1 | _aТ1(2)74-8,013 | |
| 702 | 1 |
_aКомиссаров _bВ. В. _gВладимир Вячеславович _4220 |
|
| 702 | 1 |
_aБудник _bГ. А. _gГалина Анатольевна _4340 |
|
| 702 | 1 |
_4280 _7ca _8rus _aМеметов _bВ. С. _f1939-2019 _gВалерий Сергеевич _91058 _3RU\NLR\AUTH\7717974 |
|
| 942 | _cBOOK | ||
| 980 | _aNBR | ||
| 980 | _aNB | ||